000 01498cam a2200361 a 4500
999 _c1577
_d1577
001 959908
003 OSt
005 20230112174117.0
008 160111s2015 maua 000 0 eng
020 _a9781939656773
_q(library binding)
040 _aDON
_beng
_erda
_cDON
_dPVY
_dKH8
042 _anbic
082 0 _a398.2730994 BAR
100 1 _aBarchers, Suzanne I.,
_eauthor.
245 1 0 _aBunyip in the moon :
_ba tale from Australia /
_cretold by Suzanne I. Barchers ; illustrated by Peter Clarke.
260 _aSouth Egremont, MA :
_bRed Chair Press,
_c2015.
264 1 _aSouth Egremont, MA :
_bRed Chair Press,
_c[2015]
264 4 _c©2015.
300 _a32 pages :
_bcolor illustrations ;
_c24 cm.
336 _atext
_btxt
_2rdacontent.
336 _astill image
_bsti
_2rdacontent.
337 _aunmediated
_bn
_2rdamedia.
338 _avolume
_bnc
_2rdacarrier.
490 0 _aTales of honor.
520 _aWhen a young woman is captured and brought under the spell of the feared Bunyip, one brave hunter sets out to save her. And while his bravery is finally rewarded, it is thought the Bunyip still looks down on people today to bring them under its spell. An aboriginal tale from Australia.
650 0 _aHunters
_vJuvenile fiction.
650 0 _aAnimals, Mythical
_vJuvenile fiction.
650 0 _aIncantations
_vJuvenile fiction.
650 0 _aCourage
_vJuvenile fiction.
650 0 _aFolklore
_zAustralia.
700 1 _aClarke, Peter,
_d1965-
_eillustrator.
942 _2ddc
_cNFIC